| 000 | 00735cam a22002414a 4500 | ||
|---|---|---|---|
| 001 | 13299781 | ||
| 005 | 20130407132702.0 | ||
| 008 | 030804s2004 nyu 000 1 eng | ||
| 010 | _a 2003061131 | ||
| 020 | _a006072675X | ||
| 020 | _a9780060726751 | ||
| 020 | _a0060589272 (acidfree paper) | ||
| 082 | 0 | 0 |
_a869.342 _222 _bCOE |
| 100 | 1 |
_aCoelho, Paulo. _933037 |
|
| 240 | 1 | 0 |
_aOnze Minutos. _lEnglish |
| 245 | 1 | 0 |
_aEleven Minutes : _ba Novel / _cPaulo Coelho ; translated from the Portuguese by Margaret Jull Costa. |
| 250 | _a1st U.S. ed. | ||
| 260 |
_aNew York : _bHarperCollins Publishers, _c2004. |
||
| 300 |
_a273 p. ; _c22 cm. |
||
| 653 |
_bENG _cApril2013 |
||
| 700 | 1 |
_aCosta, Margaret Jull _933038 |
|
| 942 |
_2ddc _cBB |
||
| 999 |
_c17421 _d17393 |
||